书目信息 |
| 题名: |
现代教学论基础
|
|
| 作者: | 吴立岗 , 夏惠贤 主编 | |
| 分册: | ||
| 出版信息: | 南宁 广西教育出版社 2001 |
|
| 页数: | 411页 | |
| 开本: | 21cm | |
| 丛书名: | ||
| 单 册: | ||
| 中图分类: | G42 , G40 | |
| 科图分类: | ||
| 主题词: | 教育学--高等师范教育--教材 | |
| 电子资源: | ||
| ISBN: | 7-5435-3347-2 | |
| 000 | 00873nam0 2200253 450 | |
| 001 | 1539518384 | |
| 005 | 20150126105856.12 | |
| 010 | @a7-5435-3347-2@dCNY26.00 | |
| 100 | @a20020115d2001 em y0chiy0110 ea | |
| 101 | 0 | @achi |
| 102 | @aCN@b450000 | |
| 105 | @ay z 000yy | |
| 200 | 1 | @a现代教学论基础@9xian dai jiao xue lun ji chu@f吴立岗,夏惠贤主编 |
| 210 | @a南宁@c广西教育出版社@d2001 | |
| 215 | @a411页@d21cm | |
| 300 | @a高等师范院校小学教育专业本科教材 与教育部小学教育本科课程方案配套系列教材 | |
| 330 | @a本书着重探讨教学论的逻辑起点,知识与教学,教学过程,教学与发展,教学的主要流派,交往理论,师生关系,教学原则等问题。 | |
| 606 | 0 | @a教育学@x高等师范教育@j教材 |
| 690 | @aG42@v5 | |
| 690 | @aG40@v4 | |
| 701 | 0 | @a吴立岗@9wu li gang@f(1941~)@4主编 |
| 701 | 0 | @a夏惠贤@9xia hui xian@4主编 |
| 801 | 0 | @aCN@bTSSF@c20150126 |
| 905 | @aZUCC@dG40@eJY48 | |
| 现代教学论基础/吴立岗,夏惠贤主编.-南宁:广西教育出版社,2001 |
| 411页;21cm |
| 高等师范院校小学教育专业本科教材 与教育部小学教育本科课程方案配套系列教材 |
| ISBN 7-5435-3347-2:CNY26.00 |
| 本书着重探讨教学论的逻辑起点,知识与教学,教学过程,教学与发展,教学的主要流派,交往理论,师生关系,教学原则等问题。 |
| ● |
| 相关链接 |
|
|
|
|
正题名:现代教学论基础
索取号:G40/JY48
 
预约/预借
| 序号 | 登录号 | 条形码 | 馆藏地/架位号 | 状态 | 备注 |
| 1 | 7859633 | 278596333 | 学院路分馆/ [索取号:G40/JY48] | 在馆 |